00809 2200289 4500001002100000005001500021035002000036007000300056040001700059100003700076245005400113250001000167300003900177504002600216041000800242090002300250264003800273336002100311337003000332338002300362850001000385008004100395020002200436500002800458650001100486990002200497INLIS00000000000898620260513114408 a0010-1022000361ta aSBPUPADbind0 aDanar Gayuh Utama,dllePengarang1 aTrik A-Z Menguasai Gitar /cDanah Gayuh Utama dll acet.1 aviii 184 hlm. :bilus. ;c19x28 cm abibiliografi, 182 hlm aind a787.515 HAS b 23-8 aYogyakarta :bIndoliterasi,c2015 2rdacontentateks 2rdamediaatanpa perantara 2rdacarrieravolume aPUPAD260513 0  a978-602-1129-82-1 aProfile Penulis,183 hlm 4aMusik/ a24.547/H/DPK/2017